Регионална библиотека "Любен Каравелов" - Русе

Хотел Хонолулу (Запис номер 101816)

MARC детайли
000 -Лидер
Контролно поле с фиксирана дължина 01246nam a2200349 c 4500
003 - Код на организацията, давaща контролен номер
Контролно поле BLK
005 - Дата и час на последна редакция
Контролно поле 20250801124708.0
008 - Елементи от данни с фиксирана дължина
fixed length control field 180409b bul|||||r ||||||| ||bul||
010 ## - Наследен системен номер
LC control number KNG00106872000
020 ## - Международен стандартен номер на книга ISBN
Международен стандартен номер на книга ISBN 954-778-033-6
040 ## - Източник на каталожния запис
Идентификатор на билиотеката - собственик на записа BLK
041 ## - Код за език
Код за езика на текст/звукозапис или на отделно заглавие Български
Код за езика КДБФ Български
080 ## - УДК
Текстов определител УДК Американска литература (на САЩ)
УДК код - определител по УДК 821.111(73)
УДК определител -31
УДК - код + определител 821.111(73)-31
100 1# - Редна дума - Автор
Автор Теру, Пол
Авторска отговорност първи автор
R(LIN) 128705
139 ## - Редно поле
Редна дума Теру, Пол
Авторски знак Тер - Т 53
245 10 - Сведения за заглавието
Заглавие Хотел Хонолулу
Подзаглавни данни Роман
Редно поле (дума) Пол Теру; прев. Владимир Георгиев Молев.
257 ## - Страна на издаване
Страна на създаване/издаване Съединени американски щати
260 ## - Област на издателските данни
Място на издаване, разпространение и проч. София
Име на издателя, разпространителя и проч. PGL
Година на издаване 2002
Печатница София : Образование и наука
300 ## - Физическа характеристика
Страници 428 с.
Размери/Мащаб 20 см
380 ## - Жанр
Жанр Худож. лит.
490 1# - СЕРИИ (Колекции)
Име на серия Зелена серия
500 ## - Общи забележки
Забележка Ориг. загл. Hotel Honolulu / Paul Theroux.
653 ## - Ключова дума – ненормативна
Ключова дума романи
700 1# - Други автори (авторска отговорност)
Лично име Молев, Владимир Георгиев
Автороска отговорност (Описва отношението между автора и произведението) прев.
9 (RLIN) 98667
852 ## - Местоположение
Форматна сигнатура Цб 215328
856 4# - Електронен адрес и достъп
Електронен формат pdf - файл
856 4# - Електронен адрес и достъп
Електронен формат pdf - файл
942 ## - АРТИКУЛИ
Вид на библиотечния материал Книги
Скрит в OPAC Не
Koha issues (borrowed), all copies 8
944 ## - СЪЗДАВАНЕ И РЕДАКЦИЯ на ЗАПИСА
Създаване/Редакция Създаване
Дата на регистрацията/редакция 02.07.2003
Статус, дата на статуса Вася Ганчева
Служител, извършил регистрацията/редакцията 30549
944 ## - СЪЗДАВАНЕ И РЕДАКЦИЯ на ЗАПИСА
Създаване/Редакция Редакция
Дата на регистрацията/редакция 26.05.2017
Статус, дата на статуса ф /
Служител, извършил регистрацията/редакцията Людмила_Стоянова
999 ## - СИСТЕМНИ КОНТРОЛНИ НОМЕРА
Koha biblionumber 101816
Koha biblioitemnumber 101816
999 ## - СИСТЕМНИ КОНТРОЛНИ НОМЕРА
Koha biblioitemnumber 101816
Наличности
Код за отписване Код за изгубен артикул Код за повреда Коз за рестрикции Код за отдаване Артикулен № Име на библиотеката - собственик Име на библиотеката, в която се намира в момента Статус (Текущо местоположение) Дата на вписване в системата Местоположение - отдел Цена в лева Инвентарен номер Систематично азбучна сигнатура Баркод Номер на екземпляра Цена в евро Служебна бележка Служебен тип на артикула
  Не е изгубен Не е повреден без рестрикции ползва се в читалня 164357 Регионална библиотека "Любен Каравелов" Русе Регионална библиотека "Любен Каравелов" Русе Хранилище 2003-07-10 Хранилище 4.99 120000677512 Цб 215328 120000677512 1 2.55 Дост: Dp Вид: Д N: 30 Дата: 17.07.2002 Книги
  Не е изгубен Не е повреден без рестрикции заемане за дома 164358 Регионална библиотека "Любен Каравелов" Русе Регионална библиотека "Любен Каравелов" Русе Заемна - подръчен фонд 2017-05-04 Заемна - подръчен фонд 4.99 120000810452 П 820(73)-31/Т 53 120000810452 2 2.55 Дост: DA Вид: А N: 19 Дата: 04.05.2017 Дата инв: 15.02.2018 Бележки инв: П2018 Книги
Vip Innovations Ltd, Rousse, Bulgaria 2025